000 002430000a22000970004500
100 1 _aGreen, Guillermo
245 1 0 _a¿Pobreza escogida?
300 _aVol.7, núm.2 (Noviembre, 2005), Páginas 152-162
773 0 _tReforma Siglo 21
942 _cANA
999 _c60717
_d60717